000 01142cam a2200301 a 4500
999 _c126379
_d126379
001 2597944
003 ARRUPE
005 20170411091706.0
008 970605s1997 inuc b 001 0 eng
010 _a 97022281
020 _a0268009376 (pbk. : alk. paper)
040 _aDLC
_cDLC
_dDLC
050 0 0 _aB3216.C34
_bI88 1997
082 0 0 _a193
_221
100 1 _aItzkoff, Seymour W.
_929749
245 1 0 _aErnst Cassirer :
_bscientific knowledge and the concept of man /
_cSeymour W. Itzkoff.
250 _a2nd ed.
260 _aNotre Dame, Ind. :
_bUniversity of Notre Dame Press,
_c1997.
300 _axxxvii, 286 p. :
_bport. ;
_c21 cm.
504 _aIncludes bibliographical references (p. 253-280) and index.
600 1 0 _aCassirer, Ernst,
_d1874-1945.
_920247
650 0 _aKnowledge, Theory of.
_929750
650 0 _aPhilosophical anthropology.
_929751
906 _a7
_bcbc
_corignew
_d1
_eocip
_f19
_gy-gencatlg
942 _2lcc
_cMONOGRAPH